| 000 | 01043nam a2200229Ii 4500 | ||
|---|---|---|---|
| 003 | JO-AjNU | ||
| 008 | 230605s9999||||xx |||||||||||||| ||und|| | ||
| 017 | _a2018/7/3224 | ||
| 020 | _a978- 9957- 642- 86- 0 | ||
| 040 |
_aJO-AjNU _bara _erda _cJO-AjNU |
||
| 041 | _aara | ||
| 050 | 1 | 4 | _aK564 2020 |
| 100 | 3 |
_aالخشاشنة، توفيق عبدالله , _eauthor _959194 |
|
| 245 | 0 | 0 | _aمسرح الجريمة ومعاينته عبر شبكة المعلومات الدولية |
| 250 | _aط1 | ||
| 264 | 3 | 1 | _aعمان: الدار العلمية الدولية للنشر والتوزيع؛ دار الثقافة للنشر والتوزيع، 2020 |
| 300 |
_a415ص _bيحتوي على ملحق من ص 367- 283 ويحتوي على مراجع من ص385ص- 415 يحتوي على مجموعة من الرسائل الجامعية |
||
| 336 |
_atext _btxt _2rdacontent |
||
| 337 |
_aunmediated _bn _2rdamedia |
||
| 338 |
_avolume _bnc _2rdacarrier |
||
| 650 | 4 |
_aالجرائم- الانترنت - القانون الجنائي _959195 |
|
| 999 |
_aA26625 _c30193 _d30193 |
||